000 00986nam0a2200301 4500
001 RU\NLR\bibl\1402635
005 20250615204638.0
010 _a978-5-353-04151-1
_bв пер.
_97000
021 _aRU
_b2009-47382
_92899
035 _a(nilc)RSL-KNO-004340442
035 _a(NLR Aleph) 001394635
090 _a1184090
_c1184090
100 _a20090610d2009 |||y0rusy50 ca
101 1 _arus
_ceng
102 _aRU
105 _aa dm |||||
200 1 _aКто быстрее?
_e[для чтения взрослыми детям
_fпер. с англ. Е. А. Гуричевой]
210 _aМосква
_cРОСМЭН
_d2009
215 _a[32] с.
_cцв. ил.
_d23
225 1 _aФифи и цветочные малыши
610 2 _aДетская литература
686 _aШ9(2)70(4Вл)
_2rubbk
801 0 _aRU
_bРГБ
_c20090610
_grcr
801 1 _aRU
_bРГБ
_c20090610
801 2 _aRU
_bNLR
_c20090819
_grcr
942 _cBOOK
980 _aNB